[Event "DEM U10 2025"]
[Site "Willingen GER"]
[Date "2025.06.10"]
[Round "4"]
[White "Gavrylchenko, Illia"]
[Black "Liu, Jonas"]
[Result "0-1"]
[Termination "normal"]
[Board "17"]
[WhiteElo "1428"]
[BlackElo "1645"]
[WhiteClock "00:04:27"]
[BlackClock "00:26:00"]
[PlyCount "120"]
[WhiteFideId "34682007"]
[BlackFideId "34660941"]
[EventCountry "GER"]
[EventRounds "9"]
[EventType "swiss"]
[EventDate "2025.06.07"]

1. e4 {[%clk 01:30:57]} {[%emt 00:00:02]} e5 {[%clk 01:30:34]} {[%emt
00:00:27]} 2. Nc3 {[%clk 01:31:20]} {[%emt 00:00:07]} Nf6 {[%clk 01:30:47]}
{[%emt 00:00:16]} 3. f4 {[%clk 01:31:44]} {[%emt 00:00:06]} d5 {[%clk
01:30:44]} {[%emt 00:00:33]} 4. fxe5 {[%clk 01:32:03]} {[%emt 00:00:11]} Nxe4
{[%clk 01:31:07]} {[%emt 00:00:07]} 5. Qf3 {[%clk 01:32:28]} {[%emt 00:00:05]}
f5 {[%clk 01:30:44]} {[%emt 00:00:53]} 6. d3 {[%clk 01:32:42]} {[%emt
00:00:16]} Nxc3 {[%clk 01:30:33]} {[%emt 00:00:42]} 7. bxc3 {[%clk 01:33:02]}
{[%emt 00:00:10]} d4 {[%clk 01:30:38]} {[%emt 00:00:25]} 8. Qg3 {[%clk
01:32:18]} {[%emt 00:01:14]} Be6 {[%clk 01:25:37]} {[%emt 00:05:31]} 9. Nf3
{[%clk 01:25:00]} {[%emt 00:07:47]} Nc6 {[%clk 01:22:13]} {[%emt 00:03:55]} 10.
Qf2 {[%clk 01:07:35]} {[%emt 00:17:52]} dxc3 {[%clk 01:12:12]} {[%emt
00:10:34]} 11. Bg5 {[%clk 00:55:07]} {[%emt 00:12:56]} Be7 {[%clk 01:11:15]}
{[%emt 00:01:29]} 12. Bxe7 {[%clk 00:54:02]} {[%emt 00:01:35]} Qxe7 {[%clk
01:11:27]} {[%emt 00:00:18]} 13. a3 {[%clk 00:46:50]} {[%emt 00:07:42]} O-O-O
{[%clk 01:02:27]} {[%emt 00:09:31]} 14. d4 {[%clk 00:41:07]} {[%emt 00:06:11]}
g6 {[%clk 00:58:40]} {[%emt 00:04:17]} 15. Bb5 {[%clk 00:34:58]} {[%emt
00:06:40]} Bd5 {[%clk 00:52:17]} {[%emt 00:06:53]} 16. Bxc6 {[%clk 00:32:46]}
{[%emt 00:02:42]} Bxc6 {[%clk 00:50:50]} {[%emt 00:02:29]} 17. Ke2 {[%clk
00:30:18]} {[%emt 00:02:58]} b6 {[%clk 00:48:26]} {[%emt 00:02:55]} 18. Rhd1
{[%clk 00:28:37]} {[%emt 00:02:09]} Rd5 {[%clk 00:44:17]} {[%emt 00:04:40]} 19.
Qe3 {[%clk 00:27:06]} {[%emt 00:01:59]} Bb5+ {[%clk 00:42:47]} {[%emt
00:02:02]} 20. Kf2 {[%clk 00:26:47]} {[%emt 00:00:46]} Rhd8 {[%clk 00:35:45]}
{[%emt 00:07:35]} 21. Qxc3 {[%clk 00:24:48]} {[%emt 00:02:30]} Kb8 {[%clk
00:34:21]} {[%emt 00:01:53]} 22. a4 {[%clk 00:23:16]} {[%emt 00:02:03]} Ba6
{[%clk 00:34:27]} {[%emt 00:00:24]} 23. Qb3 {[%clk 00:22:34]} {[%emt 00:01:09]}
Bb7 {[%clk 00:31:59]} {[%emt 00:03:01]} 24. c4 {[%clk 00:19:18]} {[%emt
00:03:46]} R5d7 {[%clk 00:31:52]} {[%emt 00:00:37]} 25. d5 {[%clk 00:18:06]}
{[%emt 00:01:41]} Qc5+ {[%clk 00:30:43]} {[%emt 00:01:39]} 26. Kf1 {[%clk
00:16:36]} {[%emt 00:02:00]} Ba6 {[%emt 00:00:35]} 27. Rdc1 {[%clk 00:13:12]}
{[%emt 00:03:37]} Rxd5 {[%clk 00:29:27]} {[%emt 00:01:58]} 28. Ke1 {[%clk
00:11:01]} {[%emt 00:02:37]} Rd3 {[%clk 00:29:40]} {[%emt 00:00:21]} 29. Qc2
{[%clk 00:09:48]} {[%emt 00:01:38]} Qe3+ {[%clk 00:29:25]} {[%emt 00:00:50]}
30. Qe2 {[%clk 00:08:27]} {[%emt 00:01:51]} Bb7 {[%clk 00:26:47]} {[%emt
00:03:07]} 31. Qxe3 {[%clk 00:08:03]} {[%emt 00:00:53]} Rxe3+ {[%clk 00:27:08]}
{[%emt 00:00:09]} 32. Kf2 {[%clk 00:08:18]} {[%emt 00:00:15]} Rdd3 {[%clk
00:26:04]} {[%emt 00:01:34]} 33. Re1 {[%clk 00:07:01]} {[%emt 00:01:47]} f4
{[%clk 00:24:11]} {[%emt 00:02:25]} 34. Rxe3 {[%clk 00:06:59]} {[%emt
00:00:32]} Rxe3 {[%clk 00:24:22]} {[%emt 00:00:18]} 35. Re1 {[%clk 00:06:04]}
{[%emt 00:01:24]} Bxf3 {[%clk 00:20:31]} {[%emt 00:04:21]} 36. Rxe3 {[%clk
00:06:25]} {[%emt 00:00:10]} fxe3+ {[%clk 00:20:57]} {[%emt 00:00:05]} 37. Kxf3
{[%clk 00:06:49]} {[%emt 00:00:06]} e2 {[%clk 00:21:19]} {[%emt 00:00:07]} 38.
Kxe2 {[%clk 00:07:14]} {[%emt 00:00:04]} Kc8 {[%clk 00:21:45]} {[%emt
00:00:06]} 39. Ke3 {[%clk 00:07:38]} {[%emt 00:00:06]} Kd7 {[%clk 00:22:09]}
{[%emt 00:00:05]} 40. Kd4 {[%clk 00:07:28]} {[%emt 00:00:39]} Ke6 {[%clk
00:22:25]} {[%emt 00:00:15]} 41. c5 {[%clk 00:06:37]} {[%emt 00:01:21]} c6
{[%clk 00:21:18]} {[%emt 00:01:37]} 42. cxb6 {[%clk 00:06:31]} {[%emt
00:00:36]} axb6 {[%clk 00:21:42]} {[%emt 00:00:05]} 43. g3 {[%clk 00:05:31]}
{[%emt 00:01:29]} h5 {[%clk 00:21:40]} {[%emt 00:00:32]} 44. h3 {[%clk
00:02:47]} {[%emt 00:03:14]} g5 {[%clk 00:21:30]} {[%emt 00:00:41]} 45. h4
{[%clk 00:02:00]} {[%emt 00:01:16]} gxh4 {[%clk 00:21:39]} {[%emt 00:00:20]}
46. gxh4 {[%clk 00:02:20]} {[%emt 00:00:10]} Kf5 {[%clk 00:22:01]} {[%emt
00:00:09]} 47. e6 {[%clk 00:02:20]} {[%emt 00:00:30]} Kxe6 {[%clk 00:22:23]}
{[%emt 00:00:07]} 48. Ke4 {[%clk 00:02:29]} {[%emt 00:00:21]} c5 {[%clk
00:22:01]} {[%emt 00:00:52]} 49. Kd3 {[%clk 00:02:22]} {[%emt 00:00:38]} Kd5
{[%clk 00:22:18]} {[%emt 00:00:12]} 50. Kc3 {[%clk 00:02:16]} {[%emt 00:00:35]}
c4 {[%clk 00:22:19]} {[%emt 00:00:30]} 51. Kc2 {[%clk 00:02:22]} {[%emt
00:00:23]} Kd4 {[%clk 00:22:43]} {[%emt 00:00:06]} 52. Kd2 {[%clk 00:02:46]}
{[%emt 00:00:06]} c3+ {[%clk 00:23:06]} {[%emt 00:00:08]} 53. Kc2 {[%clk
00:03:11]} {[%emt 00:00:05]} Kc4 {[%clk 00:23:27]} {[%emt 00:00:08]} 54. Kc1
{[%clk 00:03:26]} {[%emt 00:00:15]} Kd3 {[%clk 00:23:44]} {[%emt 00:00:13]} 55.
Kd1 {[%clk 00:03:45]} {[%emt 00:00:11]} c2+ {[%clk 00:24:05]} {[%emt 00:00:08]}
56. Kc1 {[%clk 00:04:08]} {[%emt 00:00:09]} Kc3 {[%clk 00:24:27]} {[%emt
00:00:08]} 57. a5 {[%clk 00:04:18]} {[%emt 00:00:19]} b5 {[%clk 00:24:50]}
{[%emt 00:00:07]} 58. a6 {[%clk 00:04:30]} {[%emt 00:00:19]} b4 {[%clk
00:25:16]} {[%emt 00:00:03]} 59. a7 {[%clk 00:04:33]} {[%emt 00:00:27]} b3
{[%clk 00:25:35]} {[%emt 00:00:12]} 60. a8=Q {[%clk 00:04:27]} {[%emt
00:00:35]} b2# {[%clk 00:26:00]} {[%emt 00:00:04]} 0-1

[Event "DEM U10 2025"]
[Site "Willingen GER"]
[Date "2025.06.10"]
[Round "4"]
[White "Vranckx, Gabriel"]
[Black "Gheng, Hannes Lucas"]
[Result "1-0"]
[Termination "normal"]
[Board "18"]
[WhiteElo "1627"]
[BlackElo "1483"]
[WhiteClock "00:45:48"]
[BlackClock "01:08:01"]
[PlyCount "69"]
[WhiteFideId "533031266"]
[BlackFideId "34606890"]
[EventCountry "GER"]
[EventRounds "9"]
[EventType "swiss"]
[EventDate "2025.06.07"]

1. e4 {[%clk 01:30:54]} {[%emt 00:00:05]} e5 {[%clk 01:30:57]} {[%emt
00:00:04]} 2. Nf3 {[%clk 01:31:10]} {[%emt 00:00:14]} Nc6 {[%clk 01:31:23]}
{[%emt 00:00:04]} 3. d4 {[%clk 01:31:29]} {[%emt 00:00:11]} exd4 {[%clk
01:31:49]} {[%emt 00:00:04]} 4. Nxd4 {[%clk 01:31:48]} {[%emt 00:00:10]} Qh4
{[%clk 01:31:53]} {[%emt 00:00:27]} 5. Nc3 {[%clk 01:26:59]} {[%emt 00:05:19]}
Bb4 {[%clk 01:32:17]} {[%emt 00:00:05]} 6. Qd3 {[%clk 01:25:36]} {[%emt
00:01:48]} Nf6 {[%clk 01:30:40]} {[%emt 00:02:12]} 7. Bd2 {[%emt 00:04:56]}
Bxc3 {[%emt 00:00:51]} 8. Bxc3 {[%clk 01:19:05]} {[%emt 00:02:42]} Qxe4+ {[%emt
00:00:44]} 9. Qxe4+ {[%clk 01:17:24]} {[%emt 00:02:09]} Nxe4 {[%clk 01:30:16]}
{[%emt 00:00:14]} 10. Nb5 {[%clk 01:16:27]} {[%emt 00:01:27]} Kd8 {[%clk
01:29:25]} {[%emt 00:01:21]} 11. Bxg7 {[%clk 01:15:12]} {[%emt 00:01:45]} Re8
{[%clk 01:28:37]} {[%emt 00:01:16]} 12. Be2 {[%clk 01:11:41]} {[%emt 00:04:02]}
a6 {[%clk 01:26:44]} {[%emt 00:02:24]} 13. Nc3 {[%clk 01:09:21]} {[%emt
00:02:50]} Nxc3 {[%clk 01:26:20]} {[%emt 00:00:54]} 14. Bxc3 {[%clk 01:07:30]}
{[%emt 00:02:21]} b5 {[%clk 01:25:48]} {[%emt 00:01:03]} 15. Bf6+ {[%clk
01:06:56]} {[%emt 00:01:04]} Ne7 {[%clk 01:26:10]} {[%emt 00:00:07]} 16. O-O-O
{[%emt 00:01:04]} d6 {[%clk 01:24:06]} {[%emt 00:02:23]} 17. Bf3 {[%clk
01:06:28]} {[%emt 00:00:34]} Rb8 {[%clk 01:24:06]} {[%emt 00:00:30]} 18. Be4
{[%clk 01:02:01]} {[%emt 00:04:57]} Bb7 {[%clk 01:22:54]} {[%emt 00:01:43]} 19.
Bxh7 {[%clk 01:01:31]} {[%emt 00:01:00]} Bxg2 {[%clk 01:22:51]} {[%emt
00:00:32]} 20. Rhg1 {[%clk 01:01:52]} {[%emt 00:00:09]} Bh3 {[%clk 01:21:30]}
{[%emt 00:01:51]} 21. Rg7 {[%clk 00:58:47]} {[%emt 00:03:34]} Be6 {[%clk
01:20:06]} {[%emt 00:01:55]} 22. Kb1 {[%clk 00:55:01]} {[%emt 00:04:17]} Kd7
{[%clk 01:20:01]} {[%emt 00:00:36]} 23. Re1 {[%clk 00:52:18]} {[%emt 00:03:12]}
Nc6 {[%clk 01:10:55]} {[%emt 00:09:36]} 24. Bg6 {[%clk 00:49:31]} {[%emt
00:03:17]} Bxa2+ {[%clk 01:11:05]} {[%emt 00:00:20]} 25. Kxa2 {[%clk 00:49:37]}
{[%emt 00:00:23]} Rxe1 {[%clk 01:11:31]} {[%emt 00:00:05]} 26. Bf5+ {[%clk
00:49:57]} {[%emt 00:00:09]} Re6 {[%clk 01:10:38]} {[%emt 00:01:23]} 27. Rxf7+
{[%clk 00:50:12]} {[%emt 00:00:15]} Ke8 {[%clk 01:08:26]} {[%emt 00:02:42]} 28.
Bxe6 {[%clk 00:50:16]} {[%emt 00:00:25]} Nd8 {[%clk 01:08:55]} {[%emt
00:00:01]} 29. Re7+ {[%clk 00:50:26]} {[%emt 00:00:20]} Kf8 {[%clk 01:09:14]}
{[%emt 00:00:12]} 30. Bb3 {[%clk 00:47:44]} {[%emt 00:03:12]} c5 {[%clk
01:09:10]} {[%emt 00:00:34]} 31. c4 {[%clk 00:47:37]} {[%emt 00:00:37]} Nc6
{[%clk 01:08:56]} {[%emt 00:00:44]} 32. Rd7 {[%clk 00:47:39]} {[%emt 00:00:27]}
Nb4+ {[%clk 01:08:56]} {[%emt 00:00:32]} 33. Kb1 {[%clk 00:46:52]} {[%emt
00:01:15]} Rb6 {[%clk 01:07:45]} {[%emt 00:01:42]} 34. cxb5 {[%clk 00:46:22]}
{[%emt 00:01:00]} axb5 {[%clk 01:08:01]} {[%emt 00:00:14]} 35. Rd8# {[%clk
00:45:48]} {[%emt 00:00:32]} 1-0

[Event "DEM U10 2025"]
[Site "Willingen GER"]
[Date "2025.06.10"]
[Round "4"]
[White "Taube, Moritz"]
[Black "Liu, Peilin"]
[Result "1-0"]
[Termination "normal"]
[Board "19"]
[WhiteElo "1246"]
[BlackElo "1530"]
[WhiteClock "00:53:42"]
[BlackClock "00:23:50"]
[PlyCount "51"]
[WhiteFideId "34696830"]
[BlackFideId "8643792"]
[EventCountry "GER"]
[EventRounds "9"]
[EventType "swiss"]
[EventDate "2025.06.07"]

1. e4 {[%clk 01:30:58]} e5 {[%clk 01:29:37]} {[%emt 00:01:24]} 2. Nf3 {[%clk
01:31:21]} {[%emt 00:00:07]} Nc6 {[%clk 01:30:03]} {[%emt 00:00:04]} 3. Bc4
{[%clk 01:31:45]} {[%emt 00:00:05]} Bc5 {[%clk 01:30:10]} {[%emt 00:00:23]} 4.
d3 {[%clk 01:32:06]} {[%emt 00:00:09]} d6 {[%clk 01:29:30]} {[%emt 00:01:11]}
5. Ng5 {[%clk 01:31:49]} {[%emt 00:00:45]} Nh6 {[%clk 01:28:47]} {[%emt
00:01:14]} 6. Nc3 {[%clk 01:29:57]} {[%emt 00:02:24]} O-O {[%clk 01:25:57]}
{[%emt 00:03:17]} 7. Nf3 {[%clk 01:29:32]} {[%emt 00:00:57]} Ng4 {[%clk
01:14:29]} {[%emt 00:11:59]} 8. O-O {[%clk 01:29:30]} {[%emt 00:00:32]} Nf6
{[%clk 01:12:48]} {[%emt 00:02:10]} 9. Bg5 {[%clk 01:29:05]} {[%emt 00:00:56]}
Be6 {[%clk 01:10:26]} {[%emt 00:02:45]} 10. Bb3 {[%clk 01:28:40]} {[%emt
00:01:01]} h6 {[%clk 01:07:10]} {[%emt 00:03:46]} 11. Bh4 {[%clk 01:28:39]}
{[%emt 00:00:30]} Re8 {[%clk 01:01:49]} {[%emt 00:05:41]} 12. Ne2 {[%clk
01:24:17]} {[%emt 00:05:03]} Bg4 {[%clk 00:58:27]} {[%emt 00:03:53]} 13. c3
{[%clk 01:20:08]} {[%emt 00:04:39]} Bxf3 {[%clk 00:57:56]} {[%emt 00:01:00]}
14. gxf3 {[%clk 01:20:24]} {[%emt 00:00:13]} g5 {[%clk 00:54:20]} {[%emt
00:04:06]} 15. Qd2 {[%clk 01:13:42]} {[%emt 00:07:13]} gxh4 {[%clk 00:50:01]}
{[%emt 00:04:49]} 16. Qxh6 {[%clk 01:13:05]} {[%emt 00:01:05]} Nh7 {[%clk
00:44:58]} {[%emt 00:05:34]} 17. Kh1 {[%clk 01:11:52]} {[%emt 00:01:43]} Qf6
{[%clk 00:44:01]} {[%emt 00:01:24]} 18. Rg1+ {[%clk 01:08:53]} {[%emt
00:03:33]} Kh8 {[%clk 00:43:30]} {[%emt 00:00:59]} 19. Qh5 {[%clk 01:08:21]}
{[%emt 00:01:02]} Nd8 {[%clk 00:39:39]} {[%emt 00:04:13]} 20. Rg2 {[%clk
01:07:21]} {[%emt 00:01:36]} Ne6 {[%clk 00:38:13]} {[%emt 00:01:58]} 21. Rag1
{[%clk 01:05:22]} {[%emt 00:02:30]} Rg8 {[%clk 00:35:58]} {[%emt 00:02:21]} 22.
Bxe6 {[%clk 01:04:05]} {[%emt 00:02:11]} Qxe6 {[%clk 00:32:34]} {[%emt
00:03:55]} 23. Qxh4 {[%clk 01:01:04]} {[%emt 00:03:29]} Qxa2 {[%clk 00:31:42]}
{[%emt 00:01:23]} 24. d4 {[%clk 00:56:43]} {[%emt 00:04:51]} Qxb2 {[%clk
00:28:59]} {[%emt 00:03:12]} 25. Rg3 {[%clk 00:54:27]} {[%emt 00:02:45]} Rxg3
{[%clk 00:23:50]} {[%emt 00:05:41]} 26. Qxg3 {[%clk 00:53:42]} {[%emt
00:01:12]} 1-0

[Event "DEM U10 2025"]
[Site "Willingen GER"]
[Date "2025.06.10"]
[Round "4"]
[White "Hornych, Fridtjof"]
[Black "Laß, Matteo"]
[Result "1/2-1/2"]
[Termination "normal"]
[Board "20"]
[WhiteElo "1385"]
[BlackElo "1277"]
[WhiteClock "00:54:45"]
[BlackClock "00:53:56"]
[PlyCount "60"]
[WhiteFideId "533043507"]
[BlackFideId "533019940"]
[EventCountry "GER"]
[EventRounds "9"]
[EventType "swiss"]
[EventDate "2025.06.07"]

1. e4 {[%clk 01:30:58]} {[%emt 00:00:01]} c6 {[%clk 01:30:16]} {[%emt
00:00:45]} 2. d4 {[%clk 01:31:03]} {[%emt 00:00:24]} d5 {[%clk 01:30:16]}
{[%emt 00:00:31]} 3. exd5 {[%clk 01:31:21]} {[%emt 00:00:12]} cxd5 {[%clk
01:30:08]} {[%emt 00:00:38]} 4. Bd3 {[%clk 01:31:20]} {[%emt 00:00:30]} Nf6
{[%clk 01:29:59]} {[%emt 00:00:40]} 5. h3 {[%clk 01:30:42]} {[%emt 00:01:08]}
Nc6 {[%clk 01:29:15]} {[%emt 00:01:14]} 6. c3 {[%clk 01:30:46]} {[%emt
00:00:26]} g6 {[%clk 01:28:53]} {[%emt 00:00:52]} 7. Nf3 {[%clk 01:30:13]}
{[%emt 00:01:02]} Bf5 {[%clk 01:27:32]} {[%emt 00:01:52]} 8. O-O {[%clk
01:27:32]} {[%emt 00:03:10]} Bxd3 {[%clk 01:26:44]} {[%emt 00:01:18]} 9. Qxd3
{[%clk 01:27:40]} {[%emt 00:00:21]} Bg7 {[%clk 01:25:58]} {[%emt 00:01:17]} 10.
Bg5 {[%clk 01:26:09]} {[%emt 00:02:01]} O-O {[%clk 01:24:56]} {[%emt 00:01:33]}
11. Nbd2 {[%clk 01:25:47]} {[%emt 00:00:51]} Qc7 {[%clk 01:22:59]} {[%emt
00:02:28]} 12. Rfe1 {[%clk 01:25:11]} {[%emt 00:01:06]} Rfe8 {[%clk 01:21:59]}
{[%emt 00:01:31]} 13. Rac1 {[%clk 01:18:57]} {[%emt 00:06:45]} Rad8 {[%clk
01:11:22]} {[%emt 00:11:07]} 14. Nb3 {[%clk 01:12:30]} {[%emt 00:06:56]} e5
{[%clk 01:07:11]} {[%emt 00:04:41]} 15. dxe5 {[%clk 01:11:55]} {[%emt
00:01:04]} Nxe5 {[%clk 01:06:27]} {[%emt 00:01:15]} 16. Nxe5 {[%clk 01:11:52]}
{[%emt 00:00:33]} Rxe5 {[%clk 01:06:36]} {[%emt 00:00:21]} 17. Rxe5 {[%clk
01:10:18]} {[%emt 00:02:03]} Qxe5 {[%clk 01:06:44]} {[%emt 00:00:22]} 18. Be3
{[%clk 01:09:26]} {[%emt 00:01:22]} b6 {[%clk 01:05:55]} {[%emt 00:01:20]} 19.
Nd4 {[%clk 01:08:45]} {[%emt 00:01:10]} Qc7 {[%clk 01:03:28]} {[%emt 00:02:57]}
20. Bg5 {[%clk 01:07:10]} {[%emt 00:02:05]} h6 {[%clk 01:02:36]} {[%emt
00:01:23]} 21. Bh4 {[%clk 01:07:08]} {[%emt 00:00:32]} Re8 {[%clk 01:02:11]}
{[%emt 00:00:56]} 22. Bg3 {[%clk 01:07:06]} {[%emt 00:00:31]} Qd7 {[%clk
01:02:03]} {[%emt 00:00:39]} 23. Nc2 {[%clk 01:04:02]} {[%emt 00:03:33]} Ne4
{[%clk 00:56:45]} {[%emt 00:05:48]} 24. Re1 {[%clk 00:58:06]} {[%emt 00:06:26]}
Nxg3 {[%clk 00:56:47]} {[%emt 00:00:28]} 25. Qxg3 {[%clk 00:57:29]} {[%emt
00:01:05]} Rxe1+ {[%clk 00:56:30]} {[%emt 00:00:49]} 26. Nxe1 {[%clk 00:57:51]}
{[%emt 00:00:08]} Qf5 {[%clk 00:54:49]} {[%emt 00:02:11]} 27. Qd3 {[%clk
00:57:34]} {[%emt 00:00:47]} Qg5 {[%clk 00:53:25]} {[%emt 00:01:54]} 28. Qe3
{[%clk 00:54:14]} {[%emt 00:03:50]} Qf5 {[%clk 00:53:16]} {[%emt 00:00:40]} 29.
Qd3 {[%clk 00:54:23]} {[%emt 00:00:21]} Qg5 {[%clk 00:53:33]} {[%emt 00:00:13]}
30. Qe3 {[%clk 00:54:45]} {[%emt 00:00:07]} Qf5 {[%clk 00:53:56]} {[%emt
00:00:08]} 1/2-1/2

[Event "DEM U10 2025"]
[Site "Willingen GER"]
[Date "2025.06.10"]
[Round "4"]
[White "Bentele, Otto"]
[Black "Tomovski, Leon"]
[Result "1/2-1/2"]
[Termination "normal"]
[Board "21"]
[WhiteElo "1510"]
[BlackElo "1540"]
[WhiteClock "00:55:52"]
[BlackClock "01:27:55"]
[PlyCount "127"]
[WhiteFideId "34653643"]
[BlackFideId "34691790"]
[EventCountry "GER"]
[EventRounds "9"]
[EventType "swiss"]
[EventDate "2025.06.07"]

1. e4 {[%clk 01:30:57]} {[%emt 00:00:02]} e6 {[%clk 01:30:57]} {[%emt
00:00:04]} 2. d4 {[%clk 01:31:10]} {[%emt 00:00:17]} d5 {[%clk 01:31:06]}
{[%emt 00:00:21]} 3. e5 {[%clk 01:29:11]} {[%emt 00:02:29]} c5 {[%clk
01:31:31]} {[%emt 00:00:05]} 4. c3 {[%clk 01:28:56]} {[%emt 00:00:45]} Nc6
{[%clk 01:30:55]} {[%emt 00:01:06]} 5. Nf3 {[%clk 01:27:21]} {[%emt 00:02:04]}
cxd4 {[%clk 01:29:26]} {[%emt 00:02:01]} 6. cxd4 {[%clk 01:26:31]} {[%emt
00:01:17]} Bb4+ {[%clk 01:28:58]} {[%emt 00:01:01]} 7. Bd2 {[%clk 01:23:07]}
{[%emt 00:03:54]} Qb6 {[%clk 01:28:46]} {[%emt 00:00:42]} 8. Bxb4 {[%clk
01:22:52]} {[%emt 00:00:45]} Qxb4+ {[%clk 01:29:11]} {[%emt 00:00:06]} 9. Qd2
{[%clk 01:23:00]} {[%emt 00:00:20]} Nge7 {[%clk 01:29:28]} {[%emt 00:00:13]}
10. Qxb4 {[%clk 01:19:11]} {[%emt 00:04:19]} Nxb4 {[%clk 01:29:52]} {[%emt
00:00:06]} 11. Na3 {[%clk 01:19:26]} {[%emt 00:00:16]} Bd7 {[%clk 01:29:00]}
{[%emt 00:01:22]} 12. Be2 {[%clk 01:16:23]} {[%emt 00:03:32]} O-O {[%clk
01:28:51]} {[%emt 00:00:39]} 13. O-O {[%clk 01:16:17]} {[%emt 00:00:36]} Rfc8
{[%clk 01:29:13]} {[%emt 00:00:08]} 14. h3 {[%clk 01:09:48]} {[%emt 00:06:59]}
Rc7 {[%clk 01:26:40]} {[%emt 00:03:04]} 15. Bb5 {[%clk 01:07:13]} {[%emt
00:03:04]} Bxb5 {[%clk 01:26:14]} {[%emt 00:00:56]} 16. Nxb5 {[%emt 00:01:16]}
Rc2 {[%clk 01:26:15]} {[%emt 00:00:28]} 17. a3 {[%clk 01:05:42]} {[%emt
00:01:17]} Nd3 {[%clk 01:26:18]} {[%emt 00:00:27]} 18. b4 {[%clk 01:05:47]}
{[%emt 00:00:25]} a5 {[%clk 01:26:10]} {[%emt 00:00:38]} 19. bxa5 {[%clk
01:04:55]} {[%emt 00:01:21]} Rxa5 {[%clk 01:25:14]} {[%emt 00:01:27]} 20. Nd6
{[%clk 01:04:27]} {[%emt 00:00:58]} b6 {[%clk 01:23:30]} {[%emt 00:02:14]} 21.
Ne1 {[%clk 01:01:30]} {[%emt 00:03:26]} Nxe1 {[%clk 01:23:32]} {[%emt
00:00:29]} 22. Rfxe1 {[%clk 01:01:42]} {[%emt 00:00:17]} Nc6 {[%clk 01:23:52]}
{[%emt 00:00:09]} 23. Rec1 {[%clk 00:57:04]} {[%emt 00:05:09]} Nxd4 {[%clk
01:23:46]} {[%emt 00:00:36]} 24. Rxc2 {[%clk 00:57:13]} {[%emt 00:00:21]} Nxc2
{[%clk 01:24:11]} {[%emt 00:00:06]} 25. Rc1 {[%clk 00:57:29]} {[%emt 00:00:13]}
Rc5 {[%clk 01:24:37]} {[%emt 00:00:05]} 26. Nb7 {[%clk 00:57:43]} {[%emt
00:00:15]} Rc7 {[%clk 01:25:00]} {[%emt 00:00:08]} 27. Nd6 {[%clk 00:58:04]}
{[%emt 00:00:09]} f6 {[%clk 01:25:07]} {[%emt 00:00:24]} 28. f4 {[%clk
00:58:10]} {[%emt 00:00:23]} d4 {[%clk 01:25:14]} {[%emt 00:00:23]} 29. Nb5
{[%clk 00:57:35]} {[%emt 00:01:04]} Rc5 {[%clk 01:24:21]} {[%emt 00:01:23]} 30.
Kf2 {[%clk 00:56:48]} {[%emt 00:01:17]} fxe5 {[%clk 01:24:36]} {[%emt
00:00:16]} 31. fxe5 {[%clk 00:56:53]} {[%emt 00:00:25]} d3 {[%clk 01:25:02]}
{[%emt 00:00:04]} 32. a4 {[%clk 00:56:34]} {[%emt 00:00:50]} Rxe5 {[%clk
01:25:04]} {[%emt 00:00:27]} 33. Rd1 {[%clk 00:56:38]} {[%emt 00:00:24]} Re2+
{[%clk 01:25:21]} {[%emt 00:00:15]} 34. Kf3 {[%clk 00:56:49]} {[%emt 00:00:19]}
Ne1+ {[%clk 01:25:33]} {[%emt 00:00:18]} 35. Kg3 {[%clk 00:54:39]} {[%emt
00:02:30]} Rxg2+ {[%clk 01:25:43]} {[%emt 00:00:29]} 36. Kf4 {[%clk 00:54:51]}
{[%emt 00:00:18]} d2 {[%clk 01:26:06]} {[%emt 00:00:08]} 37. Nc3 {[%clk
00:54:57]} {[%emt 00:00:24]} g5+ {[%clk 01:26:17]} {[%emt 00:00:19]} 38. Ke4
{[%clk 00:54:54]} {[%emt 00:00:34]} Kg7 {[%clk 01:25:52]} {[%emt 00:00:55]} 39.
Ke3 {[%clk 00:54:41]} {[%emt 00:00:41]} Nc2+ {[%clk 01:25:59]} {[%emt
00:00:24]} 40. Kd3 {[%clk 00:52:53]} {[%emt 00:02:19]} Nb4+ {[%clk 01:26:04]}
{[%emt 00:00:25]} 41. Kc4 {[%clk 00:53:08]} {[%emt 00:00:14]} Nc6 {[%clk
01:26:28]} {[%emt 00:00:06]} 42. Kd3 {[%clk 00:53:09]} {[%emt 00:00:29]} Ne5+
{[%clk 01:26:35]} {[%emt 00:00:25]} 43. Kd4 {[%clk 00:53:19]} {[%emt 00:00:18]}
Ng6 {[%clk 01:25:49]} {[%emt 00:01:16]} 44. Ne4 {[%clk 00:53:28]} {[%emt
00:00:21]} Nf4 {[%clk 01:25:52]} {[%emt 00:00:28]} 45. Nxd2 {[%clk 00:53:38]}
{[%emt 00:00:18]} Nxh3 {[%clk 01:26:11]} {[%emt 00:00:12]} 46. Ne4 {[%clk
00:53:30]} {[%emt 00:00:38]} Nf2 {[%clk 01:26:29]} {[%emt 00:00:12]} 47. Rd2
{[%clk 00:52:56]} {[%emt 00:01:04]} g4 {[%clk 01:26:19]} {[%emt 00:00:40]} 48.
Rxf2 {[%clk 00:53:07]} {[%emt 00:00:19]} Rxf2 {[%clk 01:25:32]} {[%emt
00:01:17]} 49. Nxf2 {[%clk 00:53:28]} {[%emt 00:00:09]} g3 {[%clk 01:25:51]}
{[%emt 00:00:11]} 50. Nh3 {[%clk 00:53:47]} {[%emt 00:00:11]} h5 {[%clk
01:26:03]} {[%emt 00:00:18]} 51. Ke3 {[%clk 00:54:06]} {[%emt 00:00:12]} h4
{[%clk 01:26:22]} {[%emt 00:00:10]} 52. Kf4 {[%clk 00:54:08]} {[%emt 00:00:28]}
Kf6 {[%clk 01:26:12]} {[%emt 00:00:40]} 53. Kg4 {[%clk 00:54:03]} {[%emt
00:00:35]} Ke5 {[%clk 01:25:21]} {[%emt 00:01:21]} 54. Kxh4 {[%clk 00:54:23]}
{[%emt 00:00:10]} Kd4 {[%clk 01:25:46]} {[%emt 00:00:05]} 55. Kxg3 {[%clk
00:54:44]} {[%emt 00:00:09]} Kc4 {[%clk 01:26:11]} {[%emt 00:00:05]} 56. Kf4
{[%clk 00:54:44]} {[%emt 00:00:30]} Kb4 {[%clk 01:26:34]} {[%emt 00:00:07]} 57.
Nf2 {[%clk 00:54:58]} {[%emt 00:00:16]} Kxa4 {[%clk 01:26:59]} {[%emt
00:00:06]} 58. Nd3 {[%clk 00:55:11]} {[%emt 00:00:17]} b5 {[%clk 01:26:46]}
{[%emt 00:00:42]} 59. Ke4 {[%clk 00:54:54]} {[%emt 00:00:47]} Kb3 {[%clk
01:27:06]} {[%emt 00:00:11]} 60. Nc5+ {[%clk 00:55:08]} {[%emt 00:00:15]} Kc3
{[%clk 01:27:22]} {[%emt 00:00:14]} 61. Nxe6 {[%clk 00:55:28]} {[%emt
00:00:09]} b4 {[%clk 01:27:40]} {[%emt 00:00:12]} 62. Nd4 {[%clk 00:55:51]}
{[%emt 00:00:04]} Kc4 {[%clk 01:27:46]} {[%emt 00:00:27]} 63. Ke3 {[%clk
00:56:02]} {[%emt 00:00:18]} b3 {[%clk 01:27:55]} {[%emt 00:00:22]} 64. Nxb3
{[%clk 00:55:52]} {[%emt 00:00:09]} 1/2-1/2